00713 2200241 4500001002100000005001700021008004100038035002400079040001200103082002000115084002000135090002000155100002100175245007300196260002800269300003100297500003300328650004900361850001200410990001700422990001600439990001600455INLIS00000000000017620141003103113.0  0010-101400000000071 aYOPDYOG aQ 728.359 Wat L aQ 728.359 Wat L aQ 728.359 Wat L aWATERSON, Roxana aThe Living houseban anthropology of anchitecture in South-East Asia aSingaporebTuttlec2009 a263 hlm.b: ilus. ;c26 cm aBibliografi : hlm. : 249-258 aRumah Tinggal-Pola dan Rencana-Asia Tenggara aYOPDYOG a8233-PD/B.14 a8234PD/B.14 a8235PD/B.14